000 01449nam0a2200313 i 4500
001 RU\NLR\bibl\1972496
005 20240921161516.0
010 _a9785160024301
_9300
021 _aRU
_b2012-86562
_96412
035 _a(NLR Aleph) 001961317
090 _a3829422
_c3829422
100 _a20121128d2013 u y0rusy50 ca
101 0 _arus
102 _aRU
105 _ay |||||||||
200 1 _aОрганизационное проектирование
_eучебник
_eдля слушателей образовательных учреждений, обучающихся по программе MBA и другим программам подготовки управляющих кадров
_fВ.А. Баринов
_gИн-т экономики и финансов "Синергия"
210 _aМосква
_cИНФРА-М
_d2013 [т.е. 2012]
215 _a383, [1] с.
_d22
225 1 _aСерия учебников для программы MBA (Master of Business Administration)
300 _aКн. фактически изд. в 2012 г.
606 1 _aОрганизационное проектирование
_jУчебники
_92184537
_3RU\NLR\auth\661313457
686 _aУ21(0)2я7
686 _aУ29(0)я7
700 1 _aБаринов
_bВ. А.
_gВладимир Александрович
_4070
801 0 _aRU
_bNLR
_c20121128
_gRCR
801 1 _aRU
_bNLR
_c20121128
942 _cBOOK
980 _aNBR